Teaching english as a second language: (Record no. 157803)

MARC details
000 -LEADER
fixed length control field 00642nam a22001937a 4500
005 - DATE AND TIME OF LATEST TRANSACTION
control field 20181001163244.0
010 ## - LCCN (DPL NO)
LC control number ENG-124153
020 ## - INTERNATIONAL STANDARD BOOK NUMBER
International Standard Book Number 9789386446619
Terms of availability 350.00
035 ## - SYSTEM CONTROL NUMBER
System control number EN-107685
037 ## - SOURCE OF ACQUISITION
Source of stock number/acquisition DBAD/PUB
082 00 - DEWEY DECIMAL CLASSIFICATION NUMBER
Classification number 488.0071
100 ## - MAIN ENTRY--PERSONAL NAME
Personal name Majumdar, Aarati
245 10 - TITLE STATEMENT
Title Teaching english as a second language:
Statement of responsibility, etc by Aarati Majumdar
Remainder of title theory and praxis /
260 ## - PUBLICATION, DISTRIBUTION, ETC. (IMPRINT)
Place of publication, distribution, etc New Delhi
Name of publisher, distributor, etc SAGE Publications,
Date of publication, distribution, etc 2017
270 ## - ADDRESS
Address B1/I-1 Mohan Cooperative Industrial Area, Mathura Road
City New Delhi
Postal code 110044
300 ## - PHYSICAL DESCRIPTION
Extent xv,349p.(I-6)
Dimensions 25cm.(pbk)
Other physical details ill.
500 ## - GENERAL NOTE
General note It includes index
942 ## - ADDED ENTRY ELEMENTS (KOHA)
Source of classification or shelving scheme Dewey Decimal Classification
Item type English Books
Classification part 488.0071
Call number suffix MUJ
Holdings
Withdrawn status Lost status Not for loan Collection code Home library Current library Date acquired Source of acquisition Cost, normal purchase price Full call number Barcode Copy number Cost, replacement price Koha item type
    Not For Loan Non-fiction D.B.Act.Division Sarojini Nagar 01/10/2018 DBAD/PUB 350.00 488.0071 MUJ EN-107685 1 350.00 English Books

© Delhi Public Library
Hit Counter
free hit counter